[Event "Skolernes Skakklub op"]
[Site "Aarhus"]
[Date "1997.??.??"]
[Round "6"]
[White "Pedersen, Nicolai Vesterbaek"]
[Black "Cordes, Steffen"]
[Result "1-0"]
[WhiteElo "2310"]
[BlackElo "2210"]

1.e4 g6 2.d4 Bg7 3.Nc3 d6 4.f4 Nf6 5.Nf3 O-O 6.Bd3 Bg4 7.h3 Bxf3 8.Qxf3 Nc6
9.Be3 e5 10.dxe5 dxe5 11.f5 Nd4 12.Qf2 c6 13.g4 Re8 14.O-O-O b5 15.Nb1 Qc7
16.Nd2 a6 17.c3 c5 18.Kb1 c4 19.cxd4 exd4 20.Bf4 Qb6 21.e5 Nd7 22.f6 Bf8
23.Be4 Rad8 24.Nf3 Nxf6 25.exf6 Rxe4 26.Be5 Bc5 27.Qh4 d3 28.Ng5 h5 29.Nxe4 Re8
30.gxh5 Rxe5 31.hxg6  1-0

[Event "Andorra op"]
[Site "Andorra"]
[Date "1997.??.??"]
[Round "5"]
[White "Giorgadze, Giorgi"]
[Black "Vehi Bach, Victor Manuel"]
[Result "1-0"]
[WhiteElo "2595"]
[BlackElo "2390"]

1.d4 g6 2.e4 Bg7 3.Nc3 d6 4.Nge2 Na6 5.g3 c5 6.d5 Nc7 7.a4 Nf6 8.Bg2 O-O
9.O-O Rb8 10.Bf4 Nh5 11.Be3 b6 12.Qd2 a6 13.Rab1 Nf6 14.b4 Nd7 15.f4 b5 16.bxc5 Nxc5
17.Nd4 Bd7 18.axb5 Nxb5 19.Ncxb5 axb5 20.e5 Qc7 21.e6 fxe6 22.dxe6 Bxd4 23.Bxd4 Bxe6
24.Ba1 Kf7 25.Rfe1 Ke8 26.Re3 Bc4 27.Rbe1 Rf7 28.Qd4 Nd7 29.Bc3 Nf6 30.Bb4 Rd8
31.Ra3 Kf8 32.Ra7 Qc8 33.Rexe7 Rxe7 34.Qxf6+ Rf7 35.Qh8+  1-0

[Event "GER-ch U20 Girls"]
[Site "Apolda"]
[Date "1997.??.??"]
[Round "9"]
[White "Werner, Isabel"]
[Black "Mueller, Andrea"]
[Result "1/2-1/2"]
[WhiteElo "2215"]
[BlackElo "2125"]

1.e4 g6 2.d4 Bg7 3.Nc3 d6 4.Be3 c6 5.Qd2 b5 6.f3 Qa5 7.Nge2 Nd7 8.g4 Nb6
9.b3 Nf6 10.Bg2 h5 11.g5 Nfd7 12.O-O b4 13.Nd1 Ba6 14.f4 Rc8 15.Nb2 Bxe2
16.Qxe2 c5 17.Qf2 O-O 18.Nd3 cxd4 19.Bxd4 Rxc2 20.Bxb6 Qxb6 21.Qxb6 Nxb6
22.Nxb4 Bxa1 23.Nxc2 Bb2 24.Bh3 d5 25.exd5 Nxd5 26.f5 gxf5 27.Bxf5 e6 28.Bd3 Kg7
29.h4 e5 30.Bc4 Nf4 31.Rd1 Ng6 32.Be2 Rc8 33.Nb4 Bd4+ 34.Kh2 Nf4 35.Bc4 a5
36.Nd5 Nxd5 37.Bxd5 Rc2+ 38.Kg3 Bf2+ 39.Kh3 Rc3+ 40.Kg2 Bxh4 41.Rf1 Bxg5
42.Rxf7+ Kg6 43.Rf3 Rc7 44.Be4+ Kh6 45.Rd3 Bf4 46.Rd6+ Kg5 47.Rd5 h4 48.Rd8 Rc3
49.Rg8+ Kh5 50.Bf3+ Kh6 51.Rh8+ Kg7 52.Rxh4 Rc2+ 53.Kf1 Rxa2 54.Be4 Kf6 55.Rh8 Rb2
56.Bd5  1/2-1/2

[Event "Argenteuil"]
[Site "Argenteuil"]
[Date "1997.??.??"]
[Round "1"]
[White "Nikcevic, Nebojsa"]
[Black "Royer, Sylvain"]
[Result "1-0"]
[WhiteElo "2525"]
[BlackElo "2230"]

1.e4 g6 2.d4 Bg7 3.Nc3 d6 4.Nf3 a6 5.Be3 b5 6.Bd3 Nd7 7.a4 b4 8.Ne2 c5 9.c3 Qa5
10.Nd2 bxc3 11.bxc3 Ngf6 12.f3 O-O 13.O-O e5 14.d5 h5 15.Nc4 Qc7 16.a5 Nh7
17.Qa4 Bb7 18.Rab1 f5 19.Nxd6 Bxd5 20.Bc4 Qxd6 21.Bxd5+ Kh8 22.Rfd1 Rab8
23.Bb3  1-0

[Event "Argenteuil"]
[Site "Argenteuil"]
[Date "1997.??.??"]
[Round "3"]
[White "Marcelin, Cyril"]
[Black "Royer, Sylvain"]
[Result "0-1"]
[WhiteElo "2335"]
[BlackElo "2230"]

1.e4 g6 2.d4 d6 3.Nc3 Bg7 4.g3 Nf6 5.Bg2 O-O 6.Nge2 e5 7.O-O Nc6 8.dxe5 dxe5
9.Bg5 Qxd1 10.Rfxd1 Nb4 11.Nd5 Nfxd5 12.exd5 Bg4 13.f3 Bf5 14.c3 Na6 15.Rd2 f6
16.Be3 Rfd8 17.Rad1 Bf8 18.Kf2 Bd7 19.f4 Bd6 20.fxe5 fxe5 21.h3 Kg7 22.g4 Nc5
23.Ng3 a5 24.b3 b5 25.Ne4 Nxe4+ 26.Bxe4 a4 27.b4 Rf8+ 28.Kg3 h6 29.a3 Rf7
30.Rc1 Raf8 31.Rf2 Rxf2 32.Bxf2 Rf4 33.Re1 h5 34.gxh5 gxh5 35.Bc5 Kf6 36.Re3 Bf5
37.Bd3 Bxd3 38.Rxd3 Kf5 39.Bxd6 cxd6 40.Re3 h4+ 41.Kg2 e4 42.c4 bxc4 43.Rc3 Ke5
44.Rxc4 Kxd5 45.Rc1 Rf3 46.Rd1+ Ke5 47.Rb1 Rb3 48.Ra1 Rb2+ 49.Kg1 d5  0-1

[Event "Argenteuil"]
[Site "Argenteuil"]
[Date "1997.??.??"]
[Round "7"]
[White "Ippolito, Manuel"]
[Black "Chomet, Pascal"]
[Result "0-1"]
[WhiteElo "2280"]
[BlackElo "2360"]

1.e4 g6 2.d4 Bg7 3.Nc3 d6 4.f4 Nf6 5.Nf3 O-O 6.Bd3 Nc6 7.O-O e5 8.fxe5 dxe5
9.d5 Nb4 10.Be2 a5 11.Bg5 Qd6 12.Kh1 Bd7 13.Nd2 Ne8 14.a4 f6 15.Be3 Qe7 16.Bb5 Bc8
17.Nc4 f5 18.Bxe8 Rxe8 19.Qd2 f4 20.Bg1 Bg4 21.Nb5 Rf8 22.d6 cxd6 23.Nbxd6 f3
24.c3 Nc6 25.Bc5 Be6 26.b3 fxg2+ 27.Qxg2 Qh4 28.Qg3 Qh5 29.Nxb7 Rxf1+ 30.Rxf1 Qe2
31.Qf3 Qc2 32.Ne3 Qxb3 33.Nd5 Qxb7 34.Nf6+ Bxf6 35.Qxf6 Qf7  0-1

[Event "EU-ch Rapid"]
[Site "Athens"]
[Date "1997.??.??"]
[Round "8"]
[White "David, Alberto"]
[Black "San Segundo, Pablo"]
[Result "1-0"]
[WhiteElo "2460"]
[BlackElo "2495"]

1.e4 g6 2.d4 Bg7 3.Nc3 d6 4.f4 c6 5.Nf3 Bg4 6.Be3 Qb6 7.Qd2 Bxf3 8.gxf3 Qa5
9.O-O-O e6 10.f5 gxf5 11.exf5 Nd7 12.fxe6 fxe6 13.Bh3 Nf8 14.Rhg1 Bf6 15.Kb1 O-O-O
16.d5 Ne7 17.dxe6 d5 18.Bg5 Bxg5 19.Qxg5 Qc7 20.f4 Nfg6 21.Rgf1 d4 22.Ne4 Rd5
23.f5 Qxh2 24.Qg4 h5 25.Qg3 Qxg3 26.Nxg3 h4 27.Ne4 Nxf5 28.Bxf5 Ne7 29.Bh3 c5
30.Rf7 Kd8 31.c4 Re5 32.Nd6 b6 33.Rdf1 d3 34.Nb5 Ke8 35.Nd6+ Kd8 36.Rg7 Re3
37.Nf7+  1-0

[Event "EU-ch Rapid (Women)"]
[Site "Athens"]
[Date "1997.??.??"]
[Round "10"]
[White "Carvalho, Alda"]
[Black "Paasikangas, Johanna"]
[Result "0-1"]
[WhiteElo "2130"]
[BlackElo "2325"]

1.d4 g6 2.e4 Bg7 3.Nc3 d6 4.f4 Nd7 5.Nf3 e6 6.Be3 Ne7 7.Qd2 a6 8.Bd3 b5 9.O-O f5
10.e5 O-O 11.Qf2 Nb6 12.Rad1 Nbd5 13.Nxd5 Nxd5 14.c3 Nxe3 15.Qxe3 Re8 16.Ng5 Bb7
17.Qh3 h6 18.Nf3 Qd7 19.Qg3 Qf7 20.Nh4 Kh7 21.Nf3 Bf8 22.Be2 Be4 23.Nd2 d5
24.Bf3 c5 25.Nb3 Bc2 26.Rc1 Bxb3 27.axb3 cxd4 28.cxd4 Rac8 29.Qf2 Bb4 30.Rc2 Rxc2
31.Qxc2 Qa7 32.Rd1 Qb6 33.h4 h5 34.g3 Re7 35.Kf2 Rc7 36.Qd3 Qc6 37.Ra1 Rc8
38.Be2 Be7 39.Ke3 Bd8 40.Rd1 Bb6 41.Qd2 Qc2 42.Qxc2 Rxc2 43.Rd2 Rxd2 44.Kxd2 Bxd4
45.Ke1 Bxb2 46.Bd3 Kg7 47.Ke2 Kf7 48.Kd2 Ke7 49.Ke2 Kd7 50.Ke3 Kc6 51.Be2 Kc5
52.Bd1 Kb4 53.Kd3 a5 54.Bc2 a4 55.bxa4 bxa4 56.Ke3 a3  0-1

[Event "AUT-chT2W 9798"]
[Site "Austria"]
[Date "1997.??.??"]
[Round "3"]
[White "Eiler, Gebhard"]
[Black "Mira, Helene"]
[Result "1-0"]
[WhiteElo "2075"]
[BlackElo "2225"]

1.d4 d6 2.e4 g6 3.Nc3 Bg7 4.Nf3 Bg4 5.Be2 Nc6 6.Be3 Bxf3 7.Bxf3 e5 8.Ne2 Qf6
9.c3 h5 10.Qa4 a6 11.d5 b5 12.Qc2 Na5 13.a4 Nc4 14.Bc1 Rb8 15.a5 c6 16.b3 cxd5
17.bxc4 dxc4 18.Be3 Ne7 19.Nc1 Nc6 20.Qd2 Qd8 21.Bb6 Qd7 22.Na2 Bh6 23.Qb2 Bg5
24.Nb4 Nxb4 25.Qxb4 Be7 26.Qb2 O-O 27.O-O f5 28.exf5 Qxf5 29.Bd5+ Kh7 30.Qe2 Kh6
31.Rad1 Qd7 32.Be4 Kg7 33.Qe3 Bd8 34.Bxd8 Qxd8 35.Qa7+ Rf7 36.Qxa6 Rf6 37.Qa7+ Rf7
38.Qe3 Rd7 39.Qg3 Qf6 40.a6 b4 41.cxb4 Rxb4 42.Qa3 Rb3 43.Qa4 Ra7 44.Qxc4 Rb6
45.Bb7 g5 46.Qc7+  1-0

[Event "AUT-chT2O 9798"]
[Site "Austria"]
[Date "1997.??.??"]
[Round "4"]
[White "Hainzinger, Johann"]
[Black "Sulyok, Michael"]
[Result "0-1"]
[WhiteElo "2120"]
[BlackElo "2220"]

1.e4 g6 2.d4 Bg7 3.Nc3 d6 4.h4 Nf6 5.Be2 c5 6.dxc5 Qa5 7.cxd6 Nxe4 8.Bd2 Nxc3
9.Bxc3 Bxc3+ 10.bxc3 Qxc3+ 11.Kf1 exd6 12.h5 Nc6 13.Rb1 Bf5 14.Rxb7 O-O 15.hxg6 hxg6
16.Rh4 Bxc2 17.Qc1 Na5 18.Rb2 Rfc8 19.Rh3 Qc5 20.Nf3 Bf5 21.Qxc5 Rxc5 22.Rh4 Rc1+
23.Ne1 Rac8 24.Ra4 R8c5 25.g4 Be6 26.f3 Ra1 27.Kf2 Nc6 28.Bb5 Ne5 29.Rxa7 Rcc1
30.Nc2 Rab1 31.Rxb1 Rxb1 32.Nd4 Rb2+ 33.Kg3 Rxa2 34.Rxa2 Bxa2 35.Kf4 Kf8
36.Ke4 Ke7 37.Be2 Be6 38.Bd1 Nc4 39.Nc6+ Kd7 40.Ba4 Kc7 41.Nb4 Nb6 42.Bc6 Kd8
43.Kf4 Ke7 44.Ke4 Kf6 45.Kf4 Bc4 46.Nc2 g5+ 47.Ke4 Ba2 48.Kd4 Ke6 49.Ne3 Bb3
50.Be4 d5 51.Bf5+ Kd6 52.Ng2 Na8 53.f4 gxf4 54.Nxf4 Nc7 55.Bd3 Ne6+ 56.Nxe6 fxe6
57.g5 e5+ 58.Kc3 Bd1 59.Bf5 Bh5 60.Kd3 Ke7 61.Kc3 Be8 62.Kb4 Bd7 63.Bh7 Kd6
64.Bg8 Be6 65.Bh7 e4 66.Bg6 Ke5 67.Be8 Kf4 68.g6 e3 69.Kc3 Kf3 70.Bb5 Kf2
71.Kd4 e2 72.Bxe2 Kxe2 73.Ke5 Bg8 74.Kf6 d4  0-1

[Event "AUT-chT2W 9798"]
[Site "Austria"]
[Date "1997.??.??"]
[Round "5"]
[White "Drexel, Christof"]
[Black "Hager, Franz"]
[Result "0-1"]
[WhiteElo "2230"]
[BlackElo "2235"]

1.e4 g6 2.d4 Bg7 3.Nc3 d6 4.Be3 c6 5.a4 a5 6.Nf3 Na6 7.Bxa6 Rxa6 8.h3 Nf6
9.O-O O-O 10.Qd3 h6 11.Rad1 d5 12.e5 Ne4 13.Nd2 Nxc3 14.Qxc3 f6 15.exf6 exf6
16.Nb3 f5 17.Nc5 f4 18.Bc1 Ra8 19.Rfe1 Qf6 20.Qb3 Qf7 21.Qf3 g5 22.g4 fxg3
23.Qxg3 b6 24.Nb3 Bf5 25.Na1 Qh5 26.Kh2 Bxh3  0-1

[Event "AUT-chT2W 9697"]
[Site "Austria"]
[Date "1997.??.??"]
[Round "6"]
[White "Lawitsch, Guenther"]
[Black "Hager, Franz"]
[Result "1-0"]
[WhiteElo "2225"]
[BlackElo "2240"]

1.e4 d6 2.d4 g6 3.Nc3 Bg7 4.Nf3 c6 5.h3 b5 6.a4 b4 7.Nb1 a5 8.Be3 Nf6 9.Nbd2 O-O
10.Be2 Nbd7 11.O-O c5 12.d5 Nb6 13.b3 Bb7 14.Re1 Nfxd5 15.exd5 Nxd5 16.Nc4 Nc3
17.Qd2 d5 18.Nce5 f6 19.Nd3 Ne4 20.Qc1 Rc8 21.Nd2 f5 22.Nxe4 fxe4 23.Nxc5 Qb6
24.Nd7 Qc6 25.Bb5 Qc3 26.Nxf8 Rxf8 27.Rb1 d4 28.Bc4+  1-0

[Event "AUT-chT2W 9798"]
[Site "Austria"]
[Date "1997.??.??"]
[Round "6"]
[White "Hager, Franz"]
[Black "Reich, Thomas"]
[Result "0-1"]
[WhiteElo "2235"]
[BlackElo "2355"]

1.d4 g6 2.e4 Bg7 3.Nc3 d6 4.g3 Nf6 5.Bg2 O-O 6.Nge2 e5 7.h3 Nc6 8.Be3 exd4
9.Nxd4 Nxd4 10.Bxd4 c5 11.Be3 Qe7 12.O-O Rd8 13.Qd2 Bd7 14.Rfe1 Bc6 15.Bg5 Qe6
16.Rad1 Rd7 17.Nd5 h5 18.c3 Bxd5 19.exd5 Qf5 20.c4 Rc7 21.a4 Nh7 22.Bf4 Qd7
23.b3 Rcc8 24.g4 hxg4 25.hxg4 Re8 26.Bh3 Bf6 27.Kh2 g5 28.Bg3 Nf8 29.f4 Ng6
30.fxg5 Be5 31.Bxe5 Rxe5 32.Rxe5 Nxe5 33.Kg3 Re8 34.Re1 Ng6 35.Re3 Qd8 36.Bg2 Kg7
37.Qf2 Rxe3+ 38.Qxe3 Kf8 39.Bf1 Qa5 40.Bg2 a6 41.Be4 Ne5 42.Kh4 Kg7 43.Qf2 Kg8
44.g6 fxg6 45.Kg5 Qc3 46.Bxg6 Qc1+ 47.Qf4 Qxf4+ 48.Kxf4 Nxg6+ 49.Kf5 Kf7
50.a5 Ne7+ 51.Kg5 Kg7 52.Kh5  0-1

[Event "AUT-chT9697"]
[Site "Austria"]
[Date "1997.??.??"]
[Round "8"]
[White "Weiss, Christian"]
[Black "Kraschl, Joerg"]
[Result "1-0"]
[WhiteElo "2315"]
[BlackElo "2340"]

1.d4 g6 2.e4 Bg7 3.Nc3 d6 4.Be3 c6 5.Qd2 Nd7 6.O-O-O b5 7.f3 Qa5 8.Kb1 Rb8
9.Nce2 Qxd2 10.Rxd2 a6 11.g4 h5 12.g5 e5 13.dxe5 dxe5 14.Bh3 Ne7 15.Nc1 Nf8
16.Nb3 Ne6 17.Nc5 Nxc5 18.Bxc5 f6 19.Bxc8 Nxc8 20.Nh3 Bf8 21.Rhd1 Bxc5 22.Rd8+ Ke7
23.Rxh8  1-0

[Event "AUT-chT2S 9697"]
[Site "Austria"]
[Date "1997.??.??"]
[Round "9"]
[White "Wurm, Christoph"]
[Black "Handler, Franz"]
[Result "1/2-1/2"]
[WhiteElo "1885"]
[BlackElo "2070"]

1.e4 g6 2.d4 Bg7 3.Nc3 d6 4.Be3 e5 5.dxe5 Bxe5 6.Nf3 Bg7 7.Bc4 Be6 8.Bxe6 fxe6
9.Ng5 Qd7 10.Qg4 Bxc3+ 11.bxc3 e5 12.Qxd7+ Nxd7 13.O-O h6 14.Nh3 g5 15.f3 Ngf6
16.Nf2 Nf8 17.c4 b6 18.a4  1/2-1/2

[Event "AUT-chT2S 9697"]
[Site "Austria"]
[Date "1997.??.??"]
[Round "9"]
[White "Frank, Detlev"]
[Black "Schnider, Gert"]
[Result "1-0"]
[WhiteElo "2215"]
[BlackElo "1975"]

1.e4 g6 2.d4 Bg7 3.Nc3 d6 4.Be3 Nd7 5.Qd2 e6 6.f3 Ngf6 7.O-O-O O-O 8.Bh6 c6
9.g4 b5 10.h4 b4 11.Nce2 Qa5 12.Kb1 Nb6 13.Nc1 Na4 14.Nb3 Qb6 15.h5 Bxh6
16.Qxh6 Qc7 17.Nh3 Nb6 18.Qf4 Nbd7 19.Bc4 Ne8 20.hxg6 fxg6 21.Bxe6+ Kg7 22.Qg5 Rf6
23.Nf4 Nf8 24.Bxc8 Rxc8 25.Nh5+ Kf7 26.Nxf6 Nxf6 27.e5 Nd5 28.Rde1 Kg7 29.f4 a5
30.f5 a4 31.Nd2 a3 32.f6+ Kg8 33.Nc4 Ne6 34.Qh6 axb2 35.Nxd6 Nc3+ 36.Kxb2 Nf8
37.Nxc8 Qa5 38.Qg7+  1-0

[Event "AUT-chT2S 9697"]
[Site "Austria"]
[Date "1997.??.??"]
[Round "9"]
[White "Pitzel, K."]
[Black "Kuess, Mario"]
[Result "1-0"]
[WhiteElo "2055"]
[BlackElo "2115"]

1.e4 g6 2.d4 Bg7 3.Nc3 d6 4.Nf3 Nf6 5.Be2 c6 6.O-O O-O 7.h3 Qc7 8.Be3 Nbd7
9.Qd2 b5 10.a3 Rd8 11.Rad1 Bb7 12.Bh6 a6 13.Qg5 Nf8 14.e5 Ne6 15.Qh4 Nh5
16.Bxg7 Kxg7 17.Ng5 Nxg5 18.Bxh5 Ne6 19.Bf3 d5 20.Rfe1 Nf8 21.Ne2 Re8 22.Nf4 e6
23.Qg3 Kh8 24.h4 c5 25.c3 cxd4 26.cxd4 Rac8 27.h5 Qe7 28.Nd3 Nd7 29.hxg6 fxg6
30.Bg4 Rc4 31.Nf4 Nf8 32.Qh3 Bc8 33.b3 Rc7 34.Rc1 Rxc1 35.Rxc1 Bd7 36.Qh6 Rc8
37.Rxc8 Bxc8 38.Nxd5 exd5 39.Bxc8 Ne6 40.Bxe6 Qxe6 41.Qf8+ Qg8 42.Qf6+  1-0

[Event "AUT-chT2S 9697"]
[Site "Austria"]
[Date "1997.??.??"]
[Round "10"]
[White "Wurm, Christoph"]
[Black "Kuess, Mario"]
[Result "1-0"]
[WhiteElo "2070"]
[BlackElo "2115"]

1.e4 g6 2.d4 Bg7 3.Nc3 d6 4.Be3 Nf6 5.f3 c6 6.Qd2 h5 7.a4 Qa5 8.Bc4 b5 9.Bb3 b4
10.Na2 Na6 11.Ne2 Bd7 12.O-O Rc8 13.c3 Rb8 14.Rfb1 O-O 15.Nf4 bxc3 16.bxc3 Kh7
17.Nc1 c5 18.dxc5 Nxc5 19.Bxf7 Rxf7 20.Rxb8 Nxa4 21.Nce2 Qc7 22.Rb4 Nb6 23.Qa2 Rf8
24.Qxa7 Qxa7 25.Rxa7 Nc8 26.Rc7 Bh6 27.Bc1 Bg7 28.Rbb7  1-0

[Event "SCO-ch"]
[Site "Aviemore"]
[Date "1997.??.??"]
[Round "8"]
[White "Robertson, Ian C"]
[Black "McNab, Colin Anderson"]
[Result "1/2-1/2"]
[WhiteElo "2210"]
[BlackElo "2490"]

1.e4 g6 2.d4 d6 3.Nc3 Bg7 4.Bc4 Nc6 5.Be3 Nf6 6.h3 e5 7.Nf3 exd4 8.Nxd4 O-O
9.Nxc6 bxc6 10.O-O Re8 11.Qf3 Be6 12.Bb3 Nd7 13.Rfe1 Qh4 14.Bf4 Bd4 15.Rad1 Qf6
16.Qg3 Bxb3 17.axb3 Nc5 18.Bd2 a5 19.Re2 Re6 20.Kh1 Rae8 21.Rde1 Qe7 22.f3 Na6
23.Na4 Bf6 24.Qf4 Nb4 25.Bc3 Bg5 26.Qh2 f5 27.Qg1 Nd5 28.g3 Nxc3 29.Nxc3 Qd7
30.Qd4 Bf6 31.Qc4 fxe4 32.Nxe4 Kg7 33.Nxf6 Rxf6 34.Rxe8 Qxh3+ 35.Kg1 Qxg3+
36.Kh1 Qh3+ 37.Kg1 Qg3+ 38.Kh1 Qxf3+ 39.Kg1 Qg3+ 40.Kh1 Qh3+ 41.Kg1 Qg3+  1/2-1/2

[Event "Wch Seniors"]
[Site "Bad Wildbad"]
[Date "1997.??.??"]
[Round "7"]
[White "Rosen, Willy"]
[Black "Lainburg, Victor"]
[Result "0-1"]
[WhiteElo "2285"]
[BlackElo "2233"]

1.e4 g6 2.d4 Bg7 3.Nc3 d6 4.Be3 c6 5.f4 Nd7 6.Nf3 b5 7.Bd3 Nb6 8.Qe2 Nf6
9.a3 O-O 10.O-O a6 11.h3 Qc7 12.Rad1 Nfd7 13.Qf2 Rb8 14.e5 c5 15.dxc5 Nxc5
16.Bd4 Nxd3 17.cxd3 dxe5 18.fxe5 Be6 19.Rc1 Qb7 20.Qh4 Bf5 21.Ne4 Bxe4 22.Ng5 h6
23.Nxe4 Qd5 24.Bxb6 Rxb6 25.Qxe7 Re6 26.Qc5 Qxe5 27.Qxe5 Bxe5 28.b4 Rd8 29.Rfd1 Bd4+
30.Kf1 Bb2 31.Rb1 Bxa3 32.Rb3 Rxe4 33.Rxa3 Rxb4 34.Rxa6 Rb2 35.d4 Rd5 36.Rb6 b4
37.Rd3 Ra5 38.Rd1 Raa2 39.g4 Rf2+ 40.Kg1 Rg2+ 41.Kh1 Rh2+ 42.Kg1 Rxh3 43.d5 Rhh2
44.Rxb4 Rhd2 45.Rd4 Rxd4 46.Rxd4 Kg7 47.d6 Ra8 48.d7 Rd8 49.Kg2 Kf6 50.Rd1 Ke7
51.Rh1 Rh8 52.Rd1 Kd8 53.Kf3 h5 54.gxh5 Rxh5 55.Kf4 Ra5  0-1

[Event "Wch Seniors"]
[Site "Bad Wildbad"]
[Date "1997.??.??"]
[Round "10"]
[White "Szymaniak, Horst"]
[Black "Luboshitz, Alexander"]
[Result "0-1"]
[WhiteElo "1992"]
[BlackElo "2205"]

1.e4 g6 2.d4 Bg7 3.Nc3 d6 4.Nf3 Nf6 5.Bd3 Bg4 6.Be3 Nc6 7.O-O Nd7 8.Be2 e5
9.d5 Ne7 10.Ng5 Bxe2 11.Nxe2 h6 12.Nh3 O-O 13.Qd2 Kh7 14.f4 exf4 15.Nhxf4 Ne5
16.Bd4 Ng8 17.Bxe5 Bxe5 18.Rf3 Bg7 19.Raf1 Nf6 20.Ng3 Qe7 21.Nfe2 Nd7 22.h4 Ne5
23.Rf4 h5 24.Qd1 Ng4 25.Rxg4 hxg4 26.h5 Be5 27.c3 Qg5 28.Qd3 Kg7 29.Nd4 Bxg3
30.hxg6 Bf4 31.Nf5+ Kxg6 32.g3 Be5 33.Nh4+ Kg7 34.Rf5 Qc1+ 35.Kg2 Qxb2+ 36.Rf2 Qxc3
37.Nf5+ Kh7 38.Qf1 Qa1 39.Qe2 Rg8 40.Rf1 Qb2 41.Rh1+ Kg6 42.Rh6+ Kg5  0-1

[Event "Wch Seniors (Women)"]
[Site "Bad Wildbad"]
[Date "1997.??.??"]
[Round "10"]
[White "Zatulovskaya, Tatiana"]
[Black "Cynolter Bognarne, Erzsebet"]
[Result "1/2-1/2"]
[WhiteElo "2155"]
[BlackElo "2080"]

1.e4 g6 2.d4 Bg7 3.Nc3 d6 4.Bc4 Nf6 5.Bb3 O-O 6.Nge2 c6 7.f3 Nbd7 8.Be3 e5
9.a3 Qc7 10.Qd2 a6 11.dxe5 dxe5 12.O-O Re8 13.Rad1 Bf8 14.Ba2 Nc5 15.b4 Ne6
16.Na4 b5 17.Nb6 Rb8 18.Nxc8 Rbxc8 19.c4 Red8 20.Qc3 Rxd1 21.Rxd1 c5 22.cxb5 axb5
23.Bxe6 fxe6 24.bxc5 Bxc5  1/2-1/2

[Event "Bad Woerishofen op"]
[Site "Bad Woerishofen"]
[Date "1997.??.??"]
[Round "4"]
[White "Gabriel, Josef"]
[Black "Mowsziszian, Karen"]
[Result "0-1"]
[WhiteElo "2195"]
[BlackElo "2490"]

1.e4 g6 2.d4 Bg7 3.Nc3 d6 4.Bc4 c6 5.Bb3 b5 6.Nf3 a5 7.a4 b4 8.Ne2 Nf6 9.e5 dxe5
10.Nxe5 O-O 11.O-O Ba6 12.Re1 c5 13.Bf4 Nh5 14.Be3 Bxe5 15.dxe5 c4 16.Ba2 Nc6
17.Nd4 Qc7 18.e6 f6 19.Nxc6 Qxc6 20.Qd7 Rfc8 21.Rad1 Rc7 22.Qxc6 Rxc6 23.Rd5 Ng7
24.Rxa5 Nxe6 25.Bd2 Nd4 26.c3 bxc3 27.Bxc3 Nb3 28.Rd5 Kf7 29.a5 Ra7 30.Red1 Bc8
31.h3 Be6 32.Rb5 Nc5 33.Bb1 Na4 34.Bd4 Rd7 35.Bc2 Rcd6 36.Bxa4 Rxd4 37.Rxd4 Rxd4
38.a6 c3 39.b4 Bd7 40.Bb3+ Be6 41.Bxe6+ Kxe6 42.a7 c2 43.Rc5 Rd1+ 44.Kh2 Ra1
45.Rxc2 Rxa7 46.Kg3 Rb7 47.Rc4 Kd5 48.Rh4 h5 49.Kf3 e5 50.Ke3 f5 51.Kd3 e4+
52.Kc3 Ke5 53.g3 Rc7+ 54.Kd2 Rc4 55.b5 Rb4 56.Kc3 Rxb5 57.f4+ Kf6 58.Kd4 Rb3  0-1

[Event "Bad Woerishofen op"]
[Site "Bad Woerishofen"]
[Date "1997.??.??"]
[Round "6"]
[White "Roeder, Gerd"]
[Black "Mowsziszian, Karen"]
[Result "0-1"]
[WhiteElo "2260"]
[BlackElo "2490"]

1.e4 g6 2.d4 Bg7 3.Nc3 d6 4.g3 Nf6 5.Bg2 O-O 6.Nge2 e5 7.h3 exd4 8.Nxd4 Re8
9.O-O Na6 10.Nb3 Rb8 11.Re1 b6 12.Nd5 Nd7 13.c3 Bb7 14.Be3 c6 15.Nf4 Nf6
16.Qc2 Qc7 17.Rad1 Rbd8 18.Bc1 Qc8 19.Kh2 Nc7 20.c4 h6 21.Bd2 a5 22.Bc3 Na6
23.Nd3 c5 24.Nf4 Nb4 25.Qb1 Ba6 26.Nd2 b5 27.cxb5 Bxb5 28.a3 Nc6 29.Qa2 g5
30.Nd5 Nxd5 31.exd5 Bxc3 32.Rxe8+ Rxe8 33.dxc6 Bd4 34.Ne4 Re6 35.b4 Bxc6
36.bxc5 dxc5 37.Qc2 Qa8 38.f3 Qf8 39.Rc1 Qe7 40.Nxc5 Re2 41.Nb3 Rxc2 42.Rxc2 Ba7
43.Rxc6 Qe3  0-1

[Event "Bad Zwesten op"]
[Site "Bad Zwesten"]
[Date "1997.??.??"]
[Round "3"]
[White "Ginsburg, Gennadij"]
[Black "Heck, Norbert"]
[Result "1/2-1/2"]
[WhiteElo "2485"]
[BlackElo "2320"]

1.e4 g6 2.d4 Bg7 3.Nc3 d6 4.Nf3 Nf6 5.h3 O-O 6.Be3 c6 7.a4 a5 8.Be2 Qc7 9.O-O Na6
10.Nd2 Nb4 11.Na2 Nxa2 12.Rxa2 d5 13.e5 Ne4 14.Nxe4 dxe4 15.c3 Be6 16.Ra1 f6
17.Qc2 fxe5 18.Qxe4 Bd5 19.Qc2 exd4 20.cxd4 e5 21.Bc4 Qf7 22.Bxd5 Qxd5 23.dxe5 Qxe5
24.Rad1 Rf7 25.b3 Re8 26.Qc4 Qe6 27.Rd8 Re7 28.Qxe6+ Rxe6 29.Rxe8+ Rxe8 30.Bb6 Bc3
31.Rd1 Kf7 32.Rd3 Re1+ 33.Kh2 Bb4 34.Kg3 Ke6 35.Kf4 Re5 36.g4 Be7 37.Kf3 Bb4
38.Kf4 Be7 39.Kg3 Bd6 40.Kg2 Bc5 41.Bxa5 Bxf2 42.Bc3 Re2 43.Kf3 Rc2 44.Bb4 Bc5
45.Bxc5 Rxc5 46.Ke4 Rc1 47.Rd4 c5 48.Rc4 Re1+ 49.Kf4 Kd5 50.Rc3 Kd4 51.Rc4+ Kd5  1/2-1/2

[Event "Barbera op"]
[Site "Barbera"]
[Date "1997.??.??"]
[Round "8"]
[White "Perpinya Rofes, Lluis Maria"]
[Black "Gonzalez Velez, Fermin"]
[Result "0-1"]
[WhiteElo "2265"]
[BlackElo "2400"]

1.e4 g6 2.d4 Bg7 3.Nc3 d6 4.Bg5 h6 5.Be3 a6 6.Qd2 Nd7 7.O-O-O e6 8.h4 Ne7
9.Nh3 b5 10.f3 Bb7 11.g4 d5 12.e5 c5 13.f4 Qa5 14.dxc5 b4 15.Ne4 O-O 16.Kb1 dxe4
17.Qxd7 Rad8 18.Bg2 Rxd7 19.Rxd7 Nd5  0-1

[Event "Barbera op"]
[Site "Barbera"]
[Date "1997.??.??"]
[Round "9"]
[White "Bjerring, Kai"]
[Black "Arencibia, Walter"]
[Result "0-1"]
[WhiteElo "2315"]
[BlackElo "2560"]

1.e4 g6 2.d4 Bg7 3.Nc3 d6 4.h3 a6 5.a4 b6 6.Nf3 Bb7 7.Bc4 e6 8.O-O Ne7 9.Be3 h6
10.Qd2 Nd7 11.Rfe1 Kf8 12.b4 Kg8 13.Bd3 Kh7 14.Nh2 c5 15.Ne2 d5 16.exd5 Nxd5
17.bxc5 Nxe3 18.c6 Bxc6 19.fxe3 Qg5 20.Nf4 e5 21.dxe5 Nxe5 22.Ra2 Rhe8 23.Qf2 Kg8
24.Rb1 Qd8 25.Nf1 Bf8 26.Be2 Bc5 27.Nd3 Qd5 28.Raa1 Nxd3 29.cxd3 Rxe3 30.Nxe3 Bxe3  0-1

[Event "Foment Martinenc op"]
[Site "Barcelona"]
[Date "1997.??.??"]
[Round "8"]
[White "Narciso Dublan, Marc"]
[Black "Vidarte Morales, Arturo"]
[Result "1-0"]
[WhiteElo "2470"]
[BlackElo "2340"]

1.e4 d6 2.d4 g6 3.Nc3 Bg7 4.Be3 c6 5.Qd2 Nd7 6.O-O-O b5 7.Kb1 Qa5 8.f3 Rb8
9.g4 Nb6 10.b3 Nf6 11.h4 h5 12.g5 Nfd7 13.Nh3 b4 14.Ne2 d5 15.Nf2 Ba6 16.Qe1 O-O
17.Bd2 c5 18.e5 Rfc8 19.e6 Nf8 20.exf7+ Kh7 21.Bh3 Bxe2 22.Qxe2 cxd4 23.Bxc8 Rxc8
24.Qxe7 d3 25.Nxd3 Rxc2 26.a4 Rc3 27.Bxc3 bxc3 28.Qc5 Qa6 29.Qc6 d4 30.Rhe1 Qa5
31.Qb5 c2+ 32.Kxc2  1-0

[Event "Foment Martinenc op"]
[Site "Barcelona"]
[Date "1997.??.??"]
[Round "8"]
[White "Jerez Perez, Alfonso"]
[Black "Gual Pascual, Antonio"]
[Result "1/2-1/2"]
[WhiteElo "2315"]
[BlackElo "2430"]

1.e4 d6 2.Nc3 g6 3.d4 Bg7 4.Be3 c6 5.Qd2 Nd7 6.f3 b5 7.h4 h5 8.Bd3 Ngf6 9.Nh3 Bb7
10.Nf2 a6 11.Ne2 Qc7 12.c3 c5 13.a4 c4 14.Bc2 O-O 15.g4 e5 16.d5 Nc5 17.Ng3 hxg4
18.fxg4 Qd7 19.Rg1 Rfb8 20.Nf5 gxf5 21.gxf5 Kf8 22.Rxg7 Kxg7 23.Bxc5 Nh7
24.Ng4 Kh8 25.Qh6 f6 26.Be3 Rf8  1/2-1/2

[Event "Regionalliga NO9798"]
[Site "Bayern"]
[Date "1997.??.??"]
[Round "?"]
[White "Schwarm, Werner"]
[Black "Blunk, Dieter"]
[Result "1-0"]
[WhiteElo "1915"]
[BlackElo "1930"]

1.e4 g6 2.d4 Bg7 3.Nc3 d6 4.Be3 Nd7 5.Nf3 e6 6.Qd2 h6 7.Be2 a6 8.a4 b6 9.Rd1 Bb7
10.d5 e5 11.Bd3 Ngf6 12.h3 Nf8 13.Nh2 g5 14.Ng4 Nxg4 15.hxg4 Ng6 16.g3 Qf6
17.Qe2 Bc8 18.f3 Nf8 19.Rc1 Nd7 20.b3 Qg6 21.Rh3 Nf6 22.Kd2 h5 23.Rch1 Rh7
24.Qh2 Nxg4 25.fxg4 Bxg4 26.Qf2 Bxh3 27.Rxh3 g4 28.Rh1 Bh6 29.Nd1 Ke7 30.Bxh6 Rxh6
31.Ne3 Qg5 32.Kd1 Rf6 33.Nf5+ Kd7 34.Qe2 c6 35.dxc6+ Kc7 36.Bxa6 d5 37.Bd3 dxe4
38.Qxe4 Re6 39.Ke2 Rd8 40.Rd1 Rd4 41.Qe3 Qf6 42.Kd2 Rd8 43.Kc1 e4 44.Qf4+ Qe5
45.Bc4 Qxf4+ 46.gxf4 Rxd1+ 47.Kxd1 Rf6 48.Ne3 Kxc6 49.f5 Kd6 50.Ke2 g3 51.Kf1 Ke5
52.c3 Rd6 53.Bxf7 h4 54.Nc4+  1-0

[Event "Regionalliga NO9798"]
[Site "Bayern"]
[Date "1997.??.??"]
[Round "?"]
[White "Roeder, Gerd"]
[Black "Gietl, Thomas"]
[Result "1/2-1/2"]
[WhiteElo "2245"]
[BlackElo "2295"]

1.e4 g6 2.d4 Bg7 3.Nc3 d6 4.g3 Nf6 5.Bg2 O-O 6.Nge2 c6 7.a4 a5 8.h3 e5 9.Be3 Qe7
10.O-O Na6 11.Kh2 Nb4 12.f4 Be6 13.Qd2 Bc4 14.Rad1 Rad8 15.Rf2  1/2-1/2

[Event "Oberliga Bayern9697"]
[Site "Bayern"]
[Date "1997.??.??"]
[Round "?"]
[White "Taeger, Winfried"]
[Black "Kraeussling, Andreas"]
[Result "1/2-1/2"]
[WhiteElo "2240"]
[BlackElo "2290"]

1.d4 g6 2.e4 Bg7 3.Nc3 d6 4.g3 Nc6 5.d5 Nd4 6.Nce2 Nxe2 7.Nxe2 Nf6 8.Bg2 O-O
9.O-O Bd7 10.h3 c6 11.c4 Qc8 12.Kh2 b5 13.Nd4 bxc4 14.dxc6 Bxc6 15.Nxc6 Qxc6
16.e5 Ne4 17.Re1 d5 18.Bxe4 dxe4 19.Qc2 c3 20.Qxe4 Qxe4 21.Rxe4 c2 22.Bf4 Rac8
23.Rc1 Rc6 24.Re2 Rfc8 25.Bd2 f6 26.Bc3 fxe5 27.Rcxc2 e4 28.Rxe4 Bxc3 29.Rxc3 Rxc3
30.bxc3 Rxc3 31.Rxe7 Ra3 32.Re2 g5 33.Kg2 Kf7 34.g4 Kf6 35.Rc2 Kg6 36.f3 Kf6
37.Kg3 Kg6 38.Rf2 h5 39.gxh5+ Kxh5 40.Rc2 Ra4  1/2-1/2